|
|
|
|
| LEADER |
00000cam a2200000 7i4500 |
| 001 |
0000081933 |
| 005 |
20190109.0 |
| 008 |
190109 |
| 020 |
|
|
|a 997007656X
|
| 090 |
0 |
0 |
|a JF
|b ENG
|
| 100 |
0 |
|
|a Ophelia Ooi
|
| 245 |
1 |
0 |
|a Waste not want not
|c Ophelia Ooi
|
| 260 |
|
|
|a England :
|b JCS ,
|c 2000
|
| 440 |
|
|
|a Star Readers
|
| 500 |
|
|
|a Children ages 7-9 years old (orange)
|
| 650 |
|
0 |
|a Folklore
|
| 999 |
|
|
|a 0000009920
|b Book
|c Children Collection
|e Cawangan Taman Universiti
|
| 999 |
|
|
|a 0000009921
|b Book
|c Children Collection
|e Cawangan Taman Universiti
|
| 999 |
|
|
|a 0000009922
|b Book
|c Children Collection
|e Cawangan Taman Universiti
|
| 999 |
|
|
|a 0000009924
|b Book
|c Children Collection
|e Cawangan Taman Universiti
|